Segovia de escritores : (Record no. 108461)

MARC details
000 -LEADER
campo de control de longitud fija 00723nam a2200205 4500
001 - NÚMERO DE CONTROL
campo de control 108461
003 - IDENTIFICADOR DE NÚMERO DE CONTROL
campo de control ES-MaACL
005 - FECHA Y HORA DE LA ÚLTIMA TRANSACCIÓN
campo de control 20250928120456.0
007 - CAMPO FIJO DE DESCRIPCIÓN FÍSICA--INFORMACIÓN GENERAL
campo de control de longitud fija t|
008 - DATOS DE LONGITUD FIJA--INFORMACIÓN GENERAL
campo de control de longitud fija 061121s1966 sp r ||||1| spa d
100 1# - ENTRADA PRINCIPAL--NOMBRE DE PERSONA
Nombre de persona Montero Padilla, José.
9 (RLIN) 82534
245 10 - MENCIÓN DEL TÍTULO
Título Segovia de escritores :
Resto del título [estudios y notas de geografía literaria] /
Mención de responsabilidad, etc. José Montero Padilla ; prólogo del doctor Teófilo Hernando.
260 ## - PUBLICACIÓN, DISTRIBUCIÓN, ETC.
Lugar de publicación, distribución, etc. Segovia :
Nombre del editor, distribuidor, etc. Jefatura Provincial del Movimiento,
Fecha de publicación, distribución, etc. 1966.
300 ## - DESCRIPCIÓN FÍSICA
Extensión 143 p. ;
Dimensiones 20 cm.
651 #4 - PUNTO DE ACCESO ADICIONAL DE MATERIA--NOMBRE GEOGRÁFICO
Nombre geográfico Segovia-
Subdivisión general En la literatura.
9 (RLIN) 171851
700 1# - ENTRADA AGREGADA--NOMBRE PERSONAL
Nombre de persona Hernando, Teófilo,
Fechas asociadas al nombre 1881-1976
9 (RLIN) 63094
710 2# - ENTRADA AGREGADA--NOMBRE DE ENTIDAD CORPORATIVA
Nombre de entidad corporativa o nombre de jurisdicción como elemento de entrada Movimiento Nacional (España)
9 (RLIN) 5776
852 ## - LOCALIZACIÓN
Ubicación ES-MaACL
Número de control de estantería C-28527
Holdings
Estatus retirado Estado de pérdida Estado de daño No para préstamo Biblioteca de origen Biblioteca actual Ubicación en estantería Fecha de adquisición Fuente de adquisición Total de préstamos Signatura topográfica completa Código de barras Visto por última vez Precio de reemplazo Tipo de ítem Koha
        Biblioteca del Ateneo de Madrid Biblioteca del Ateneo de Madrid Depósito 2 17/01/2008     C-28527 1113176 23/02/2023 23/02/2023 Libro impreso